Stabilizácia zosuvného územia ohrozujúceho železničnú trať
Salvato in:
| Autore principale: | |
|---|---|
| Altri autori: | |
| Natura: | Manoscritto Libro |
| Lingua: | slovacco |
| Pubblicazione: |
2016
|
| Soggetti: | |
| Accesso online: | http://is.stuba.sk/zp/portal_zp.pl?podrobnosti=117560 https://opac.crzp.sk/?fn=detailBiblioForm&sid=A86BEDB9942C84EDDE9B368BE596 |
| Tags: |
Nessun Tag, puoi essere il primo ad aggiungerne!!
|
MARC
| LEADER | 00000ntm a22000003a 4500 | ||
|---|---|---|---|
| 001 | stuzp56303 | ||
| 003 | SK-STU | ||
| 005 | 20230825125431.8 | ||
| 007 | ta | ||
| 008 | 150427s2015----xo-----f-mn---000-0-slo-d | ||
| 040 | |a STU |b slo | ||
| 041 | 0 | |a slo | |
| 100 | 1 | |a Gallusová, Zuzana |u 010150 |4 aut |U SvF Stavebná fakulta |T SvF Katedra geotechniky |X 7491 |U V150 |Y 15 |7 A000007491 | |
| 242 | 0 | 1 | |a Stabilization of landslide, which is endangering the railway line |y eng |
| 245 | 1 | 0 | |a Stabilizácia zosuvného územia ohrozujúceho železničnú trať |
| 260 | |c 2016 | ||
| 650 | 4 | |a stabilizácia |2 slo | |
| 650 | 4 | |a sanácia |2 slo | |
| 650 | 4 | |a zosuv |2 slo | |
| 650 | 4 | |a reinstating |2 eng | |
| 650 | 4 | |a landslide |2 eng | |
| 650 | 4 | |a stabilization |2 eng | |
| 700 | 1 | |a Slávik, Ivan |u 010150 |k Z1 |4 ths |U SvF Stavebná fakulta |T SvF Katedra geotechniky |X 696 |U V150 |Y 15 |7 A000000696 | |
| 856 | 4 | |u http://is.stuba.sk/zp/portal_zp.pl?podrobnosti=117560 | |
| 856 | 4 | |u https://opac.crzp.sk/?fn=detailBiblioForm&sid=A86BEDB9942C84EDDE9B368BE596 | |
| SQL | |a stuzp56303 |b DDP |c SLO |d Stabilizácia zosuvného územia ohrozujúceho železničnú trať |e 7491 |f Gallusová, Zuzana |g 010150 |h 696 |i Slávik, Ivan |j 20160614 |k 945 |l 01 |m http://is.stuba.sk/zp/portal_zp.pl?podrobnosti=117560 |n I-NKS |o 5.1.5. inžinierske konštrukcie a dopravné stavby | ||